Statystyki dla Zwierzęta po angielsku

Kliknij tutaj aby rozwiązać quiz!

Ogólne statystyki

  • Ten quiz został rozwiązany 218 razy
  • Średni wynik to 41 z 109

Statystyki odpowiedzi

PolskiAngielski% Poprawnych
PiesDog
99%
KotCat
97%
KońHorse
86%
ŚwiniaPig
82%
Złota rybkaGoldfish
79%
LewLion
77%
MyszMouse
77%
KrowaCow
76%
TygrysTiger
76%
WążSnake
75%
SłońElephant
74%
MałpaMonkey
74%
NiedźwiedźBear
72%
PszczołaBee
72%
KaczkaDuck
72%
PająkSpider
72%
KrólikBunny
70%
MotylButterfly
70%
PiesekDoggy
70%
WilkWolf
69%
ZebraZebra
66%
LisFox
64%
ŻabaFrog
64%
ŻyrafaGiraffe
64%
KrokodylCrocodile
63%
OwcaSheep
60%
NietoperzBat
59%
RekinShark
56%
AligatorAlligator
54%
ChomikHamster
54%
SzczurRat
53%
MrówkaAnt
52%
SowaOwl
51%
OsiołDonkey
50%
KrabCrab
48%
KozaGoat
48%
ŚlimakSnail
48%
WielbłądCamel
47%
OrzełEagle
47%
PapugaParrot
46%
IndykTurkey
46%
BykBull
44%
GorylGorilla
42%
WiewiórkaSquirrel
42%
JeleńStag
42%
KangurKangaroo
41%
TuńczykTuna
41%
KotekKitten
38%
OśmiornicaOctopus
38%
GęśGoose
36%
ŁosośSalmon
36%
WielorybWhale
33%
KogutCock
30%
Świnka morskaGuinea pig
30%
BiedronkaLadybug
30%
KomarMosquito
30%
NosorożecRhinoceros
30%
PanteraPanther
29%
JaszczurkaLizard
28%
JeżHedgehog
26%
KuraHen
26%
FokaSeal
26%
KrewetkaShrimp
26%
StruśOstrich
25%
BóbrBeaver
23%
Konik morskiSeahorse
23%
DzikBoar
22%
MeduzaJellyfish
22%
KarpCarp
21%
ŁośMoose
21%
OsaWasp
21%
LampartLeopard
20%
KaraluchCockroach
19%
JagnięLamb
19%
PelikanPelican
19%
MewaSeagull
19%
RozgwiazdaStarfish
19%
GepardCheetah
18%
BocianStork
18%
ŻukBeetle
17%
RyśLynx
17%
KretMole
16%
SzerszeńHornet
15%
HomarLobster
15%
Szop praczRaccoon
15%
WróbelSparrow
15%
KanarekCanary
14%
MrówkojadAnt-eater
13%
PchłaFlea
13%
ZającHare
13%
DziobakPlatypus
13%
DorszCod
12%
LeniwiecSloth
12%
BorsukBadger
11%
GąsienicaCaterpillar
11%
OstrygaOyster
11%
RopuchaToad
11%
ŻmijaViper
11%
DzięciołWoodpecker
11%
WęgorzEel
10%
PancernikArmadillo
9%
PumaCougar
9%
SarnaDoe
9%
JaskółkaSwallow
9%
MorsWalrus
9%
OposPossum
8%
JeżozwierzPorcupine
7%
UkwiałAnemone
6%
MątwaCuttlefish
5%

Rozkład punktacji

Percentyl według liczby udzielonych odpowiedzi

Procent ludzi z każdym wynikiem

Twoja historia wyników

Nie rozwiązałeś tego quizu